[Event "Swiss Queens Wed #39"]
[Site "FIDE Online Arena INT"]
[Date "2024.10.23"]
[Round "4"]
[White "Shubenkova, Veronika"]
[Black "Karimova, Guldona"]
[Result "0-1"]
[WhiteElo "2024"]
[BlackElo "2115"]
[PlyCount "138"]
[EventDate "2024.10.23"]
[EventType "swiss (blitz)"]
[EventRounds "11"]
[EventCountry "NET"]
[SourceTitle "CB44_2024"]
[SourceDate "2024.10.30"]
[SourceVersion "1"]
[SourceVersionDate "2024.10.30"]
[SourceQuality "1"]

1. d3 d5 2. e3 c5 3. Ne2 Nc6 4. Nd2 Nf6 5. g3 e5 6. Bg2 Be6 7. 0-0 Bd6 8. b3 Rc8 9. Bb2 0-0 10. a3 d4 11. e4 Ne8 12. f4 f6 13. Nc4 b5 14. Nxd6 Nxd6 15. a4 a6 16. Qd2 c4 17. bxc4 bxc4 18. Ba3 Re8 19. fxe5 fxe5 20. Rfb1 Qc7 21. Nc1 Nb7 22. dxc4 Bxc4 23. Nd3 Be6 24. Rb2 Nca5 25. Qb4 Rb8 26. Rf1 Nc4 27. Rbb1 a5 28. Qb3 Nbd6 29. Bxd6 Qxd6 30. Qa2 Nd2 31. Rxb8 Rxb8 32. Qa1 Nxf1 33. Qxf1 Ba2 34. Qf5 Re8 35. h4 Bc4 36. Nf2 Rf8 37. Qg5 d3 38. cxd3 Bxd3 39. Qe3 Bc4 40. Kh2 Qd4 41. Qxd4 exd4 42. Nd1 Bb3 43. Nb2 Rf2 44. Nd3 Rd2 45. Nc5 Bd1 46. Kg1 Bg4 47. e5 d3 48. Be4 Rd1+ 49. Kf2 d2 50. Bc2 Rc1 51. Bb3+ Kf8 52. Nd3 Rc3 53. Ke3 Rxb3 54. Kxd2 Bf5 55. Nc5 Rxg3 56. e6 Ke7 57. Nd7 Bxe6 58. Ne5 Rh3 59. Nc6+ Kd6 60. Nxa5 Bd5 61. Ke2 Rxh4 62. Kf2 Rxa4 63. Kg3 Rxa5 64. Kh2 Ra3 65. Kg1 Ra2 66. Kf1 Ke5 67. Ke1 Kd4 68. Kd1 Kc3 69. Kc1 Ra1# 0-1

[Event "Swiss Queens Wed #39"]
[Site "FIDE Online Arena INT"]
[Date "2024.10.23"]
[Round "7"]
[White "Venskaya, Nika"]
[Black "Shubenkova, Veronika"]
[Result "0-1"]
[WhiteElo "1871"]
[BlackElo "2024"]
[PlyCount "70"]
[EventDate "2024.10.23"]
[EventType "swiss (blitz)"]
[EventRounds "11"]
[EventCountry "NET"]
[SourceTitle "CB44_2024"]
[SourceDate "2024.10.30"]
[SourceVersion "1"]
[SourceVersionDate "2024.10.30"]
[SourceQuality "1"]

1. d4 Nf6 2. Nf3 d6 3. g3 g6 4. Bg2 Bg7 5. 0-0 Nbd7 6. c4 0-0 7. Nc3 e5 8. e4 c6 9. h3 Nh5 10. Be3 Qe7 11. Re1 b6 12. Qd2 Bb7 13. Rad1 Rad8 14. d5 c5 15. Bg5 f6 16. Be3 a6 17. a3 f5 18. Bg5 Bf6 19. Bxf6 Qxf6 20. Ng5 Ng7 21. f4 Rde8 22. Rf1 Bc8 23. h4 h6 24. Nh3 Nh5 25. Kh2 Qg7 26. Bf3 Nhf6 27. exf5 gxf5 28. Rde1 e4 29. Bd1 Kh8 30. b4 Rg8 31. Re3 Ng4+ 32. Bxg4 Qxg4 33. Rg1 Nf6 34. Qe2 Qg7 35. Kh1 Ng4 0-1

[Event "RUS-ch Rapid (Women)"]
[Site "Sochi"]
[Date "2024.10.16"]
[Round "10"]
[White "Shubenkova, Veronika"]
[Black "Zeliantsova, Kseniya"]
[Result "1-0"]
[WhiteElo "2024"]
[BlackElo "1974"]
[PlyCount "109"]
[EventDate "2024.10.15"]
[EventType "swiss (rapid)"]
[EventRounds "11"]
[EventCountry "RUS"]
[SourceTitle "CB43_2024"]
[SourceDate "2024.10.23"]
[SourceVersion "1"]
[SourceVersionDate "2024.10.23"]
[SourceQuality "1"]

1. b3 e5 2. Bb2 d6 3. g3 Nf6 4. Bg2 g6 5. e3 Bg7 6. d4 exd4 7. Bxd4 0-0 8. Ne2 Nc6 9. Bb2 Bf5 10. a3 Qd7 11. 0-0 Bh3 12. Nd2 Bxg2 13. Kxg2 Ne5 14. Nd4 c5 15. N4f3 Qc6 16. Kg1 Nfd7 17. Nxe5 Nxe5 18. Bxe5 Bxe5 19. Rb1 d5 20. Qf3 Rad8 21. Rfd1 Qa6 22. a4 d4 23. Nc4 Bg7 24. exd4 cxd4 25. Re1 Rfe8 26. Rbd1 h5 27. h4 Qc6 28. Qxc6 bxc6 29. Rxe8+ Rxe8 30. Kf1 Bf6 31. Re1 Rd8 32. Ke2 Rd5 33. Kd3 Rf5 34. f4 Rd5 35. Re8+ Kg7 36. Ra8 Rd7 37. Rc8 Re7 38. Rxc6 Re1 39. Nd6 Re3+ 40. Kc4 Bd8 41. Kxd4 Rxg3 42. Rc8 Bb6+ 43. Ke4 Kf6 44. Nc4 Bg1 45. Rc6+ Kg7 46. Ne5 Bb6 47. b4 Bd8 48. a5 Ra3 49. Rc8 Bxh4 50. Rc7 Bf2 51. Rxf7+ Kh6 52. Rf6 Rg3 53. f5 Kh7 54. fxg6+ Kg8 55. Rxf2 1-0

[Event "Swiss Queens Wed #37"]
[Site "FIDE Online Arena INT"]
[Date "2024.10.09"]
[Round "3"]
[White "Karimova, Guldona"]
[Black "Shubenkova, Veronika"]
[Result "1-0"]
[WhiteElo "2115"]
[BlackElo "2024"]
[PlyCount "197"]
[EventDate "2024.10.09"]
[EventType "swiss (blitz)"]
[EventRounds "11"]
[EventCountry "NET"]
[SourceTitle "CB42_2024"]
[Source "ChessBase"]
[SourceDate "2024.10.16"]
[SourceVersion "1"]
[SourceVersionDate "2024.10.16"]
[SourceQuality "1"]

1. e4 b6 2. d4 Bb7 3. Nc3 e6 4. g3 Nf6 5. Bg2 Be7 6. Nge2 0-0 7. 0-0 d5 8. e5 Nfd7 9. Nb1 c5 10. c3 Nc6 11. Be3 f6 12. exf6 Nxf6 13. Nf4 Qd6 14. Nd2 Rae8 15. Nf3 Bd8 16. Nd3 Nd7 17. Bf4 Qe7 18. Nde5 Ncxe5 19. Bxe5 Nxe5 20. Nxe5 Bc7 21. f4 b5 22. a3 a5 23. Qd2 Bb6 24. h4 Ba6 25. Rfd1 Rc8 26. Kh2 Rc7 27. Qe2 Qd6 28. a4 c4 29. axb5 Bxb5 30. Qg4 Rb7 31. h5 Bd8 32. Rd2 Be8 33. Bh3 Rf6 34. Qe2 a4 35. Bg2 Rf5 36. Nxc4 Qf8 37. Qxe6+ Kh8 38. Nd6 Rxh5+ 39. Kg1 Re7 40. Qg4 Rh6 41. Nxe8 Qxe8 42. Rf1 Re1 43. Rdf2 Rxf1+ 44. Kxf1 Re6 45. Re2 Rxe2 46. Qxe2 Qc6 47. Qe5 h6 48. Bxd5 Qb5+ 49. Kg1 Bf6 50. Qe6 Qb8 51. Bc6 a3 52. bxa3 Qb1+ 53. Kg2 Qb2+ 54. Kh3 Qb8 55. Qe8+ Qxe8 56. Bxe8 Bd8 57. Bc6 Kg8 58. Bd5+ Kf8 59. c4 Ke7 60. c5 Ba5 61. Kg4 Bc3 62. Kf5 Bxd4 63. c6 Kd6 64. Bf3 Bb2 65. a4 Bc3 66. Ke4 Kc7 67. Kd3 Be1 68. Kc4 Bxg3 69. f5 Bf2 70. Kb5 Be3 71. a5 Bd4 72. Bh5 Be3 73. Be8 Bd4 74. Kc4 Ba7 75. Kd5 Bg1 76. Ke6 Bf2 77. Kd5 Be3 78. Bh5 Bg1 79. Bf3 Bf2 80. Ke6 Be1 81. Kf7 Bxa5 82. Kxg7 Bd2 83. f6 Bc3 84. Kg6 Be5 85. f7 Bd6 86. Kxh6 Bf8+ 87. Kh7 Kd6 88. Kg8 Ke7 89. c7 Bh6 90. c8Q Kf6 91. Qe8 Kg5 92. f8Q Bxf8 93. Kxf8 Kh4 94. Qh5+ Kg3 95. Be4 Kf2 96. Qf3+ Ke1 97. Qg2 Kd1 98. Bd3 Ke1 99. Qe2# 1-0

[Event "Swiss Queens Wed #37"]
[Site "FIDE Online Arena INT"]
[Date "2024.10.09"]
[Round "4"]
[White "Shubenkova, Veronika"]
[Black "Bubnova, Uliana"]
[Result "1-0"]
[WhiteElo "2024"]
[BlackElo "1853"]
[PlyCount "77"]
[EventDate "2024.10.09"]
[EventType "swiss (blitz)"]
[EventRounds "11"]
[EventCountry "NET"]
[SourceTitle "CB42_2024"]
[Source "ChessBase"]
[SourceDate "2024.10.16"]
[SourceVersion "1"]
[SourceVersionDate "2024.10.16"]
[SourceQuality "1"]

1. d3 d5 2. e3 Nf6 3. Ne2 c5 4. Nd2 g6 5. g3 Bg7 6. Bg2 Nc6 7. 0-0 0-0 8. b3 e5 9. Bb2 Re8 10. a3 h5 11. c4 d4 12. Ne4 Nxe4 13. Bxe4 Bg4 14. Qc2 Qd7 15. Rae1 dxe3 16. fxe3 h4 17. gxh4 Bh3 18. Bg2 Qg4 19. Ng3 Bxg2 20. Qxg2 Qxh4 21. Qd5 Qe7 22. Qe4 Rad8 23. Rd1 Qg5 24. Kh1 f5 25. Nxf5 gxf5 26. Rxf5 Qe7 27. Rg1 Rf8 28. Rfg5 Rf7 29. Rh5 Qf6 30. Qh7+ Kf8 31. Rh3 Ke7 32. Rhg3 Rh8 33. Qe4 Bf8 34. d4 Rfh7 35. R3g2 Qh6 36. Rf1 Qh4 37. Qd5 exd4 38. exd4 Nxd4 39. Bxd4 1-0

[Event "Swiss Queens Wed #37"]
[Site "FIDE Online Arena INT"]
[Date "2024.10.09"]
[Round "7"]
[White "Shubenkova, Veronika"]
[Black "Navrotescu, Andreea Cristiana"]
[Result "1-0"]
[WhiteElo "2024"]
[BlackElo "2352"]
[PlyCount "97"]
[EventDate "2024.10.09"]
[EventType "swiss (blitz)"]
[EventRounds "11"]
[EventCountry "NET"]
[SourceTitle "CB42_2024"]
[Source "ChessBase"]
[SourceDate "2024.10.16"]
[SourceVersion "1"]
[SourceVersionDate "2024.10.16"]
[SourceQuality "1"]

1. d3 d5 2. e3 g6 3. Ne2 Bg7 4. Nd2 e5 5. g3 Ne7 6. Bg2 0-0 7. 0-0 c5 8. Rb1 Nbc6 9. b3 f5 10. Bb2 Be6 11. a3 Qd7 12. c4 d4 13. Qc2 e4 14. Nf4 dxe3 15. fxe3 Bxb2 16. Rxb2 exd3 17. Qxd3 Qxd3 18. Nxd3 Kg7 19. Nxc5 Bg8 20. Nxb7 Rab8 21. Nc5 Rfd8 22. Nf3 Bxc4 23. Rc1 Bg8 24. Ng5 Rd6 25. b4 Kf6 26. h4 h6 27. Nf3 Kg7 28. Nd2 Ne5 29. Nc4 Nxc4 30. Re2 Nxa3 31. e4 fxe4 32. Rxe4 Nf5 33. g4 Nxh4 34. Re7+ Kf6 35. Rxa7 Nxg2 36. Ne4+ Ke5 37. Nxd6 Kxd6 38. Kxg2 Bd5+ 39. Kg3 Rxb4 40. Rxa3 Be6 41. Ra6+ Kd7 42. Rd1+ Ke7 43. Re1 Rxg4+ 44. Kf3 Rg5 45. Rexe6+ Kf7 46. Reb6 Rf5+ 47. Kg3 Rg5+ 48. Kf4 Rf5+ 49. Ke4 1-0

[Event "Swiss Queens Wed #35"]
[Site "FIDE Online Arena INT"]
[Date "2024.09.25"]
[Round "9"]
[White "Shubenkova, Veronika"]
[Black "Bodnaruk, Anastasia"]
[Result "0-1"]
[WhiteElo "2024"]
[BlackElo "2333"]
[PlyCount "68"]
[EventDate "2024.09.25"]
[EventType "swiss (blitz)"]
[EventRounds "11"]
[EventCountry "NET"]
[SourceTitle "CB40_2024"]
[SourceDate "2024.10.02"]
[SourceVersion "1"]
[SourceVersionDate "2024.10.02"]
[SourceQuality "1"]

1. d3 g6 2. e3 Bg7 3. Ne2 f5 4. Nd2 Nf6 5. g3 e5 6. Bg2 0-0 7. b3 d6 8. Bb2 Nc6 9. 0-0 Be6 10. c4 Qd7 11. a3 g5 12. Qc2 f4 13. exf4 gxf4 14. f3 fxg3 15. Nxg3 d5 16. Rae1 Rad8 17. Bxe5 Nxe5 18. Rxe5 dxc4 19. Rfe1 cxd3 20. Qc5 Rfe8 21. Kh1 Nd5 22. Rg5 Kh8 23. Nge4 Nf4 24. Rg1 Bd4 25. Qa5 b6 26. Qa6 Bxg1 27. Kxg1 Rg8 28. Qb7 Rxg5 29. Nxg5 Rg8 30. h4 h6 31. Qe4 hxg5 32. hxg5 Ne2+ 33. Kh2 Qh7+ 34. Bh3 Qxh3# 0-1

[Event "Swiss Queens Wed #35"]
[Site "FIDE Online Arena INT"]
[Date "2024.09.25"]
[Round "8"]
[White "Shubenkova, Veronika"]
[Black "Padmini, Rout"]
[Result "1-0"]
[WhiteElo "2024"]
[BlackElo "2328"]
[PlyCount "81"]
[EventDate "2024.09.25"]
[EventType "swiss (blitz)"]
[EventRounds "11"]
[EventCountry "NET"]
[SourceTitle "CB40_2024"]
[SourceDate "2024.10.02"]
[SourceVersion "1"]
[SourceVersionDate "2024.10.02"]
[SourceQuality "1"]

1. d3 e5 2. e3 Nf6 3. Ne2 d5 4. Nd2 c5 5. g3 Nc6 6. Bg2 Be6 7. b3 Qd7 8. Bb2 Bd6 9. c3 h5 10. h4 0-0-0 11. Qc2 Kb8 12. 0-0-0 Rc8 13. Kb1 d4 14. Nc4 Bc7 15. Bxc6 Qxc6 16. exd4 exd4 17. cxd4 Bd5 18. Rhe1 Ng4 19. dxc5 Nxf2 20. Nd4 Nxd1 21. Nxc6+ Bxc6 22. Qxd1 f6 23. Re7 Rhe8 24. Qe1 Rxe7 25. Qxe7 Bxg3 26. Qxg7 Bxh4 27. Bxf6 Bxf6 28. Qxf6 Rg8 29. Ne5 Bh1 30. Qd6+ Ka8 31. c6 bxc6 32. Nxc6 Rc8 33. Ne7 Rf8 34. Nd5 Rf1+ 35. Kb2 h4 36. Qd8+ Kb7 37. Qc7+ Ka6 38. Nb4+ Kb5 39. a4+ Kxb4 40. Qc4+ Ka5 41. Qb5# 1-0

[Event "Titled Tuesday intern op 24th Sep Early"]
[Site "Chess.com INT"]
[Date "2024.09.24"]
[Round "6"]
[White "Eilenberg, Jonas"]
[Black "Shubenkova, Veronika"]
[Result "1-0"]
[WhiteElo "2301"]
[BlackElo "2024"]
[PlyCount "65"]
[EventDate "2024.09.24"]
[EventType "swiss (blitz)"]
[EventRounds "11"]
[EventCountry "USA"]
[SourceTitle "CB41_2024"]
[SourceDate "2024.10.09"]
[SourceVersion "1"]
[SourceVersionDate "2024.10.09"]
[SourceQuality "1"]

1. e4 e6 2. d4 d5 3. exd5 exd5 4. Bf4 Nf6 5. Nc3 c6 6. Bd3 Bd6 7. Qd2 0-0 8. Nge2 b5 9. f3 a5 10. 0-0 Ba6 11. Ng3 b4 12. Na4 Bxd3 13. cxd3 Na6 14. Rac1 Rc8 15. Bxd6 Qxd6 16. Nf5 Qe6 17. Qg5 g6 18. Nh6+ Kg7 19. Rfe1 Ne4 20. fxe4 f6 21. Qd2 dxe4 22. dxe4 Qxa2 23. Nb6 Rc7 24. e5 fxe5 25. dxe5 Qe6 26. h3 c5 27. Nc4 Nb8 28. Ng4 Rcf7 29. Qd6 Re8 30. Nf6 Ree7 31. Nd5 Re8 32. Nc7 Qxd6 33. Nxe8+ 1-0

[Event "Swiss Queens Wed #34"]
[Site "FIDE Online Arena INT"]
[Date "2024.09.18"]
[Round "3"]
[White "Karimova, Guldona"]
[Black "Shubenkova, Veronika"]
[Result "1-0"]
[WhiteElo "2115"]
[BlackElo "2024"]
[PlyCount "75"]
[EventDate "2024.09.18"]
[EventType "swiss (blitz)"]
[EventRounds "11"]
[EventCountry "NET"]
[SourceTitle "CB39_2024"]
[SourceDate "2024.09.25"]
[SourceVersion "1"]
[SourceVersionDate "2024.09.25"]
[SourceQuality "1"]

1. c4 e6 2. Nf3 d5 3. b3 Nf6 4. Bb2 Be7 5. g3 0-0 6. Bg2 b6 7. 0-0 Bb7 8. d3 dxc4 9. bxc4 Na6 10. Ne5 Bxg2 11. Kxg2 Qd6 12. Nd2 c5 13. h3 Rfd8 14. f4 Nb4 15. a3 Nc6 16. Ndf3 Rac8 17. Nxc6 Qxc6 18. Qe1 a6 19. a4 Rb8 20. Be5 Rb7 21. Kh2 Nd7 22. Bc3 f6 23. Qf2 Nf8 24. Nd2 Bd6 25. Ne4 Bb8 26. Qf3 Rc8 27. Qg4 f5 28. Nf6+ Kh8 29. Qg5 h6 30. Qh5 gxf6 31. Qxh6+ Rh7 32. Qxf6+ Kg8 33. Rf3 Qe8 34. g4 Qf7 35. Qe5 Bxe5 36. Bxe5 Ng6 37. Rg1 Kf8 38. gxf5 1-0

[Event "Swiss Queens Wed #34"]
[Site "FIDE Online Arena INT"]
[Date "2024.09.18"]
[Round "5"]
[White "Vifleemskaia, Svetlana"]
[Black "Shubenkova, Veronika"]
[Result "0-1"]
[WhiteElo "1942"]
[BlackElo "2024"]
[PlyCount "92"]
[EventDate "2024.09.18"]
[EventType "swiss (blitz)"]
[EventRounds "11"]
[EventCountry "NET"]
[SourceTitle "CB39_2024"]
[SourceDate "2024.09.25"]
[SourceVersion "1"]
[SourceVersionDate "2024.09.25"]
[SourceQuality "1"]

1. d4 d5 2. c4 c6 3. cxd5 cxd5 4. Bf4 Nf6 5. e3 Nc6 6. Nc3 a6 7. Bd3 g6 8. Nf3 Bg7 9. h3 0-0 10. 0-0 Bf5 11. Rc1 Ne4 12. g4 Nxc3 13. Rxc3 Be4 14. Ne5 Nxe5 15. Bxe5 f5 16. f3 Bxd3 17. Qxd3 fxg4 18. hxg4 Qb6 19. b3 Rac8 20. Bxg7 Kxg7 21. Kg2 Qa5 22. Rc2 Qb4 23. f4 Qd6 24. Rfc1 Qe6 25. Kg3 Rxc2 26. Rxc2 h5 27. Qe2 hxg4 28. Rc3 Qe4 29. Qxg4 Qh1 30. Qf3 Qe1+ 31. Kg4 Qxc3 32. Qxd5 Qc8+ 33. Kf3 Qh3+ 34. Kf2 Qh2+ 35. Ke1 Qg1+ 36. Kd2 Qf2+ 37. Kd3 Qf1+ 38. Kd2 Rf7 39. Qe5+ Kh7 40. Qg5 Qf2+ 41. Kd3 Qf1+ 42. Kd2 Qb5 43. Qh4+ Qh5 44. Qg3 Qf5 45. Qh4+ Kg7 46. Qh2 e6 0-1

[Event "Titled Tuesday intern op 17th Sep Late"]
[Site "Chess,com INT"]
[Date "2024.09.17"]
[Round "1"]
[White "Shubenkova, Veronika"]
[Black "Aponte, Oriana Isabel"]
[Result "1-0"]
[WhiteElo "2024"]
[BlackElo "1997"]
[PlyCount "63"]
[EventDate "2024.09.17"]
[EventType "swiss (blitz)"]
[EventRounds "11"]
[EventCountry "USA"]
[SourceTitle "CB42_2024"]
[Source "ChessBase"]
[SourceDate "2024.10.16"]
[SourceVersion "1"]
[SourceVersionDate "2024.10.16"]
[SourceQuality "1"]

1. e4 c5 2. Nc3 e6 3. g3 Nc6 4. Bg2 g6 5. d3 Bg7 6. f4 Nge7 7. Nf3 0-0 8. 0-0 d5 9. Rb1 Rb8 10. e5 Nf5 11. Re1 b5 12. Ne2 b4 13. g4 Nfe7 14. Be3 d4 15. Bf2 Nd5 16. Nd2 Ne3 17. Bxe3 dxe3 18. Ne4 Nd4 19. Nxc5 Qh4 20. Nxd4 Qf2+ 21. Kh1 Qxf4 22. Nc6 Rb5 23. Ne4 Bd7 24. Nd4 Bxe5 25. Nf3 Bc6 26. Nxe5 Rxe5 27. Qf3 Qh6 28. Qxe3 Qxe3 29. Rxe3 f5 30. Nf6+ Rxf6 31. Rxe5 Bxg2+ 32. Kxg2 1-0

[Event "Swiss Queens Wed #33"]
[Site "FIDE Online Arena INT"]
[Date "2024.09.11"]
[Round "8"]
[White "Shubenkova, Veronika"]
[Black "Badelka, Olga"]
[Result "1-0"]
[WhiteElo "2024"]
[BlackElo "2430"]
[PlyCount "113"]
[EventDate "2024.09.11"]
[EventType "swiss (blitz)"]
[EventRounds "11"]
[EventCountry "NET"]
[SourceTitle "CB38_2024"]
[SourceDate "2024.09.18"]
[SourceVersion "1"]
[SourceVersionDate "2024.09.18"]
[SourceQuality "1"]

1. d4 Nf6 2. c4 d6 3. Nc3 Nbd7 4. e4 e5 5. d5 Be7 6. Be3 a5 7. f3 Nh5 8. Qd2 0-0 9. 0-0-0 Nc5 10. Bd3 Nxd3+ 11. Qxd3 Bg5 12. g4 Bxe3+ 13. Qxe3 Nf4 14. Nge2 Nxe2+ 15. Nxe2 a4 16. h4 Bd7 17. h5 b5 18. c5 dxc5 19. Qxc5 b4 20. Kb1 a3 21. b3 Qg5 22. Ng3 h6 23. Nf5 Rab8 24. Rc1 Bb5 25. Qf2 Rfc8 26. Rhd1 Kh8 27. Qh2 f6 28. Ne7 Re8 29. Nf5 Rec8 30. Rc5 Bd7 31. Ne7 Re8 32. Ng6+ Kh7 33. Qd2 Qxd2 34. Rxd2 Rb7 35. Rdc2 Rc8 36. Ne7 Re8 37. Nc6 Bxc6 38. Rxc6 Re7 39. Kc1 Kg8 40. Kd2 Kf7 41. R2c4 Ke8 42. Ra6 Rd7 43. Ra4 Rd6 44. Raxb4 Rxb4 45. Rxb4 Ra6 46. Kd3 Kd7 47. Kc4 Kd6 48. Rb8 Ra5 49. b4 Ra4 50. Rg8 c6 51. dxc6 Kxc6 52. Rxg7 Ra8 53. Rf7 Rc8 54. Rxf6+ Kb7+ 55. Kb3 Rc1 56. Kxa3 Rf1 57. Ka4 1-0

[Event "Swiss Queens Wed #32"]
[Site "FIDE Online Arena INT"]
[Date "2024.09.04"]
[Round "10"]
[White "Shukhman, Anna"]
[Black "Shubenkova, Veronika"]
[Result "1-0"]
[WhiteElo "2163"]
[BlackElo "2024"]
[PlyCount "79"]
[EventDate "2024.09.04"]
[EventType "swiss (blitz)"]
[EventRounds "11"]
[EventCountry "NET"]
[SourceTitle "CB37_2024"]
[SourceDate "2024.09.11"]
[SourceVersion "1"]
[SourceVersionDate "2024.09.11"]
[SourceQuality "1"]

1. e4 b6 2. d4 Bb7 3. Bd3 e6 4. Nf3 Nf6 5. e5 Nd5 6. 0-0 Be7 7. c4 Nb4 8. Be2 d5 9. exd6 Qxd6 10. Nc3 a6 11. a3 N4c6 12. d5 Ne5 13. Ne4 Nxf3+ 14. Bxf3 Qe5 15. Re1 Nd7 16. Nc5 Qxe1+ 17. Qxe1 Nxc5 18. Qe3 0-0 19. b4 Nd7 20. dxe6 Bxf3 21. gxf3 Bf6 22. Ra2 Ne5 23. Qe4 fxe6 24. f4 Nf7 25. c5 bxc5 26. bxc5 Rae8 27. Re2 Re7 28. Qb7 Rfe8 29. Qxa6 e5 30. f5 e4 31. Bf4 Ng5 32. Qc4+ Kh8 33. Bxg5 Bxg5 34. a4 Bf6 35. a5 Re5 36. a6 Rxf5 37. Rxe4 Rd8 38. a7 Rg5+ 39. Rg4 Rgd5 40. Qxd5 1-0

[Event "Swiss Queens Wed #31"]
[Site "FIDE Online Arena INT"]
[Date "2024.08.28"]
[Round "6"]
[White "Nguyen, Hong Nhung"]
[Black "Shubenkova, Veronika"]
[Result "0-1"]
[WhiteElo "2077"]
[BlackElo "2024"]
[PlyCount "86"]
[EventDate "2024.08.28"]
[EventType "swiss (blitz)"]
[EventRounds "11"]
[EventCountry "NET"]
[SourceTitle "CB36_2024"]
[SourceDate "2024.09.04"]
[SourceVersion "1"]
[SourceVersionDate "2024.09.04"]
[SourceQuality "1"]

1. e4 e6 2. d4 d5 3. Nc3 Nf6 4. Bg5 Be7 5. e5 Nfd7 6. h4 h6 7. Bxe7 Qxe7 8. Qg4 0-0 9. f4 a6 10. 0-0-0 c5 11. Nf3 Nc6 12. Ne2 cxd4 13. Nfxd4 Nc5 14. Qf3 Ne4 15. g4 Bd7 16. Bg2 Qc5 17. Qe3 Nxd4 18. Nxd4 Bc6 19. Rhe1 Qa5 20. Bxe4 dxe4 21. Nxc6 bxc6 22. a3 Rab8 23. Qxe4 Rb6 24. Re3 Rfb8 25. b4 Qa4 26. Red3 Rf8 27. f5 a5 28. fxe6 fxe6 29. Qc4 axb4 30. Qxe6+ Kh7 31. Qc4 Qa5 32. Qe4+ Kh8 33. e6 Re8 34. axb4 Rxb4 35. Qg6 Reb8 36. Rb3 Qa1+ 37. Kd2 Qd4+ 38. Rd3 Qf2+ 39. Kc3 Qc5+ 40. Kd2 Rc4 41. Ke1 Qg1+ 42. Kd2 Qf2+ 43. Kc1 Qxc2# 0-1

[Event "Swiss Queens Wed #31"]
[Site "FIDE Online Arena INT"]
[Date "2024.08.28"]
[Round "11"]
[White "Shubenkova, Veronika"]
[Black "Padmini, Rout"]
[Result "1/2-1/2"]
[WhiteElo "2024"]
[BlackElo "2339"]
[PlyCount "165"]
[EventDate "2024.08.28"]
[EventType "swiss (blitz)"]
[EventRounds "11"]
[EventCountry "NET"]
[SourceTitle "CB36_2024"]
[SourceDate "2024.09.04"]
[SourceVersion "1"]
[SourceVersionDate "2024.09.04"]
[SourceQuality "1"]

1. d4 Nf6 2. c4 g6 3. Nc3 d5 4. e3 Bg7 5. Nf3 0-0 6. cxd5 Nxd5 7. Bc4 Nxc3 8. bxc3 c5 9. 0-0 Qc7 10. Qb3 Nc6 11. dxc5 Na5 12. Qb4 Nxc4 13. Qxc4 Be6 14. Qb4 a5 15. Qb5 Bd7 16. Qc4 b5 17. Qb3 Qxc5 18. Nd4 Rfc8 19. Bd2 e5 20. Nf3 Be6 21. Qb2 h6 22. a4 Rab8 23. axb5 Rxb5 24. Qc2 Bb3 25. Qe4 a4 26. Rfc1 f5 27. Qh4 g5 28. Qg3 Qc4 29. Be1 Qe6 30. Nd2 e4 31. Nb1 Be5 32. Qh3 Rbc5 33. f3 exf3 34. Qxf3 Bd5 35. Qe2 Qc6 36. Na3 Bxc3 37. Bxc3 Rxc3 38. Rd1 Be4 39. Rd2 Qc5 40. Nb5 Rxe3 41. Qf2 a3 42. Nd6 Rc3 43. Nxe4 fxe4 44. Re2 Qxf2+ 45. Kxf2 e3+ 46. Kf3 Rf8+ 47. Ke4 Rf2 48. Raa2 Rxe2 49. Rxe2 Rb3 50. Ra2 Rb2 51. Rxa3 e2 52. Re3 Rd2 53. Kf3 e1Q 54. Rxe1 Kg7 55. Re7+ Kg6 56. Re3 Rc2 57. h3 Rb2 58. g4 Rb6 59. Kg3 Rb2 60. Rf3 Ra2 61. Re3 h5 62. Re6+ Kf7 63. Rb6 h4+ 64. Kf3 Rh2 65. Ke4 Rxh3 66. Kf5 Rh1 67. Kxg5 h3 68. Rb7+ Ke6 69. Rh7 h2 70. Kg6 Ke5 71. g5 Kf4 72. Rh4+ Kg3 73. Rh6 Ra1 74. Kf7 Ra7+ 75. Kf8 Ra8+ 76. Kf7 Ra7+ 77. Kf8 Ra6 78. g6 Kg2 79. Rxh2+ Kxh2 80. g7 Ra8+ 81. Kf7 Ra7+ 82. Kf8 Rxg7 83. Kxg7 1/2-1/2